The HAVs and HAV nots (Record no. 77093)

MARC details
000 -LEADER
fixed length control field 01029cab a2200205 4500
001 - CONTROL NUMBER
control field ##L133586
008 - FIXED-LENGTH DATA ELEMENTS--GENERAL INFORMATION
fixed length control field 060522n2006 000 0 eng u
035 ## - SYSTEM CONTROL NUMBER
System control number (Sirsi) u133586
041 0# - LANGUAGE CODE
Language code of text/sound track or separate title eng
100 1# - MAIN ENTRY--PERSONAL NAME
Personal name Howard, Paul
245 04 - TITLE STATEMENT
Title The HAVs and HAV nots
260 ## - PUBLICATION, DISTRIBUTION, ETC.
Date of publication, distribution, etc. 2006
490 #0 - SERIES STATEMENT
Series statement Contract Journal
Volume/sequential designation 433(6575) 17 May 2006, 46-49(4)
520 ## - SUMMARY, ETC.
Summary, etc. New research suggests that there is a widespread lack of knowledge in the construction industry both about the physical consequences of Hand-Arm Vibration and of the Control of Vibration at Work regulations 2005. This article examines the reasons behind this lack of awareness, and what can be done to rectify the situation. A second article, "Why steel is a safe bet", looks at the safety systems in the constructional steelwork sector which have helped make it one of the safest in the industry.
590 ## - LOCAL NOTE (RLIN)
Local note IKA230506
650 24 - SUBJECT ADDED ENTRY--TOPICAL TERM
Topical term or geographic name entry element CONTROL OF VIBRATION AT WORK REGULATIONS 2005
651 #4 - SUBJECT ADDED ENTRY--GEOGRAPHIC NAME
Geographic name United Kingdom
Chronological subdivision
690 ## - LOCAL SUBJECT ADDED ENTRY--TOPICAL TERM (OCLC, RLIN)
Topical term or geographic name as entry element Health and safety
9 (RLIN) 6244
942 ## - ADDED ENTRY ELEMENTS (KOHA)
Suppress in OPAC 0
Holdings
Withdrawn status Lost status Source of classification or shelving scheme Damaged status Not for loan Home library Current library Shelving location Date acquired Total Checkouts Full call number Barcode Date last seen Copy number Price effective from Koha item type
    Dewey Decimal Classification     London London Journal article 22/05/2006   L133586 133586-1001 06/08/2019 1 06/08/2019 Journal article